000
00291nam a2200121Ia 4500
008
191201s2009 xx 000 0 und d
100
_a
SAHANI, A.J.S
245
0
_a
Gyan Sagar
260
_a
Delhi
_b
Ganga International School
_c
2009
300
_a
149
650
_a
General Books
942
_2
ddc
_c
BK
999
_c
494
_d
494